000 00727nam a2200217 4500
003 OSt
005 20240702020640.0
006 a
008 240702b |||||||| |||| 00| 0 eng d
020 _a9781591587682
040 _aDWCL-Main lib.
_cOC
082 _aRes. 027.80973 B129l 2010
100 _aBacon, Pamela S.
245 _aLibrary lifesavers : a survival guide for stressed out librarians /
260 _aCalifornia :
_bLibraries Unlimited,
_cc2010.
300 _axiii,
_b124 p. : b & w ill. ;
_c28 cm.
504 _aIncludes bibliographical references & index.
650 _a1. School libraries-United states.
650 _a2. Instructional materials centers-United States.
942 _2ddc
_n0
_cBK-0 CIRC
_kRes.
999 _c1761
_d1761